| 000 | 00858nam a2200265Ia 4500 | ||
|---|---|---|---|
| 003 | OSt | ||
| 005 | 20251216163002.0 | ||
| 008 | 210210b2013 xxu||||| |||| 00| 0 eng d | ||
| 020 | _a9789381645833 | ||
| 040 | _cAL | ||
| 041 | _aKannada | ||
| 082 | _aK494.3 SUBS | ||
| 100 |
_aSUBBANNA RAI _9249339 _dಸುಬ್ಬಣ್ಣ ರೈ |
||
| 245 |
_aSankshipta adhunika kannada nighantu _bಸಂಕ್ಷಿಪ್ತ ಅಧುನಿಕ ಕನ್ನಡದ ನಿಘಂಟು |
||
| 260 |
_aBengaLUru _bPrasaranga Kannada Vishvavidyalaya _c2013 |
||
| 300 | _axxii,248 | ||
| 650 |
_aSankshipta _9249340 |
||
| 650 |
_anighanTu _9249341 |
||
| 650 |
_akannaDa _9249342 |
||
| 650 |
_aAdhunika _9249343 |
||
| 690 |
_aKannada Dictionary _9249344 |
||
| 700 |
_aMADHAVA PERAJE Ed _9249345 _dಮಾಧವ ಪೆರಾಜೆ |
||
| 906 | _a068317 | ||
| 942 |
_2ddc _cBK |
||
| 999 |
_c152648 _d152648 |
||